Determinants of dairy farmers’ income through cooperative farming: an evidence from rangpur district / (Record no. 17223)

MARC details
000 -LEADER
fixed length control field 01118nam a22002537a 4500
001 - CONTROL NUMBER
control field BD-DhSAU 7469
003 - CONTROL NUMBER IDENTIFIER
control field BD-DhSAU
005 - DATE AND TIME OF LATEST TRANSACTION
control field 20231029110942.0
008 - FIXED-LENGTH DATA ELEMENTS--GENERAL INFORMATION
fixed length control field 150422b2006 bg ||||| m||m 00| 0 eng d
040 ## - CATALOGING SOURCE
Original cataloging agency BD-DhSAU
082 ## - DEWEY DECIMAL CLASSIFICATION NUMBER
Edition number 22
Classification number 338.1
Item number F375
100 ## - MAIN ENTRY--PERSONAL NAME
Personal name FERDOUSI, MST. ATIYA
Relator term Registration No. # 15-06664
245 ## - TITLE STATEMENT
Title Determinants of dairy farmers’ income through cooperative farming: an evidence from rangpur district /
Remainder of title MS thesis
260 ## - PUBLICATION, DISTRIBUTION, ETC. (IMPRINT)
Place of publication, distribution, etc. Sher-e- Bangla Agricultural University:
Name of publisher, distributor, etc. Department of Agribusiness and Marketing,
Date of publication, distribution, etc. 2022.
300 ## - PHYSICAL DESCRIPTION
Extent x, 42p.:
Other physical details 30 cm.
500 ## - GENERAL NOTE
General note MS thesis of Department of Agribusiness and Marketing , Faculty of Agribusiness, Sher-e-Bangla Agricultural University, Dhaka, Bangladesh
590 ## - Name of Cataloguer
Name of Cataloger Namul
650 ## - SUBJECT ADDED ENTRY--TOPICAL TERM
Topical term or geographic name as entry element dairy farmers’ income
651 ## - SUBJECT ADDED ENTRY--GEOGRAPHIC NAME
Geographic name farming: an evidence from rangpur district
700 ## - ADDED ENTRY--PERSONAL NAME
Personal name Professor. Md. Mahbubul Alam, PhD
Relator term Superviser
700 ## - ADDED ENTRY--PERSONAL NAME
Personal name Professor Dr. Md. Mizanur Rahman Sarker
Relator term Co-Superviser
856 ## - ELECTRONIC LOCATION AND ACCESS
Uniform Resource Identifier <a href="http://archive.saulibrary.edu.bd:8080/xmlui/handle/123456789/5048">http://archive.saulibrary.edu.bd:8080/xmlui/handle/123456789/5048</a>
942 ## - ADDED ENTRY ELEMENTS (KOHA)
Source of classification or shelving scheme Dewey Decimal Classification
Koha item type MS Level Thesis
Holdings
Withdrawn status Lost status Source of classification or shelving scheme Damaged status Not for loan Collection code Home library Branch Name Date acquired Total Checkouts Full call number Barcode Date last seen Price effective from Koha item type
    Dewey Decimal Classification   Not For Loan Reference SAU Library SAU Library 29/10/2023   338.1 F375 45085 29/10/2023 29/10/2023 MS Level Thesis